000
00224nam a22000857a 4500
999
_c
4466
_d
4466
008
161202b xxu||||| |||| 00| 0 eng d
020
_a
97889121916899
100
_9
1757
_a
Aggarwal.R.S.etal
245
_a
Mathematics Term XII
260
_a
NEW DELHI
_b
S.CHAND
_c
2011